000 00345nam a2200133Ia 4500
005 20260328101525.0
008 260328s9999||||xx |||||||||||||| ||und||
100 _aBloemink, Barbara
245 0 _aDesign for the other 90% /
_cBarbara Bloemink
260 _bSmithsonian Institute
300 _a144 p.
650 _aDISEÑO INDUSTRIAL
942 _cBK
999 _c9753
_d9753